Statistics for Countries of the world by population

Click here to take the quiz!

General Stats

  • This quiz has been taken 22 times
  • The average score is 45 of 196

Answers on the Map

Answers color-coded by a green-red scale on the quiz's map according to % correct below.
 

Answer Stats

Country% Correct
China
100%
India
100%
United States
100%
Brazil
90%
Indonesia
90%
Nigeria
85%
Pakistan
85%
Russia
80%
Bangladesh
75%
Japan
75%
Mexico
75%
Ethiopia
70%
Philippines
70%
Vietnam
70%
D.R Congo
65%
Egypt
65%
Germany
65%
Iran
65%
Turkey
65%
United Kingdom
65%
France
60%
Italy
55%
Thailand
55%
Colombia
50%
Kenya
50%
Spain
50%
Tanzania
50%
Algeria
45%
Argentina
45%
Canada
45%
South Africa
45%
South Korea
45%
Myanmar
40%
Poland
40%
Uganda
40%
Ukraine
40%
Malaysia
35%
Saudi Arabia
35%
Sudan
35%
Afghanistan
30%
Australia
30%
Iraq
30%
Mozambique
30%
Nepal
30%
Peru
30%
Romania
30%
Vatican City
30%
Angola
25%
Ghana
25%
Ivory Coast
25%
Morocco
25%
Uzbekistan
25%
Venezuela
25%
Belgium
20%
Bolivia
20%
Cambodia
20%
Cameroon
20%
Chile
20%
Greece
20%
Kazakhstan
20%
Madagascar
20%
Nauru
20%
Netherlands
20%
Niger
20%
North Korea
20%
Somalia
20%
Taiwan
20%
Yemen
20%
Zambia
20%
Zimbabwe
20%
Andorra
15%
Austria
15%
Azerbaijan
15%
Belarus
15%
Benin
15%
Bulgaria
15%
Burkina Faso
15%
Burundi
15%
Chad
15%
Costa Rica
15%
Cuba
15%
Czech Republic
15%
Dominican Republic
15%
Ecuador
15%
Finland
15%
Guatemala
15%
Guinea
15%
Haiti
15%
Honduras
15%
Hungary
15%
Ireland
15%
Jordan
15%
Kiribati
15%
Liberia
15%
Libya
15%
Liechtenstein
15%
Malawi
15%
Mali
15%
Marshall Islands
15%
Mauritania
15%
Monaco
15%
New Zealand
15%
Nicaragua
15%
Oman
15%
Palau
15%
Panama
15%
Papua New Guinea
15%
Paraguay
15%
Portugal
15%
Rwanda
15%
Samoa
15%
San Marino
15%
Senegal
15%
Serbia
15%
Sierra Leone
15%
Singapore
15%
Slovakia
15%
South sudan
15%
Sri Lanka
15%
St Kitts And Nevis
15%
Sweden
15%
Switzerland
15%
Syria
15%
Tajikistan
15%
Togo
15%
Tonga
15%
Tunisia
15%
Tuvalu
15%
United Arab Emirates
15%
Vanuatu
15%
Central African Republic
10%
Croatia
10%
Denmark
10%
Dominica
10%
El Salvador
10%
Eritrea
10%
Israel
10%
Kuwait
10%
Kyrgyzstan
10%
Laos
10%
Lebanon
10%
Norway
10%
Republic Of The Congo
10%
Sao Tome And Principe
10%
St Lucia
10%
St Vincent And The Grenadines
10%
Turkmenistan
10%
Albania
5%
Antigua And Barbuda
5%
Armenia
5%
Bahamas
5%
Bahrain
5%
Barbados
5%
Belize
5%
Bhutan
5%
Bosnia And Herzegovina
5%
Botswana
5%
Brunei
5%
Cape Verde
5%
Comoros
5%
Cyprus
5%
Djibouti
5%
Equatorial Guinea
5%
Estonia
5%
Eswatini
5%
Fiji
5%
Gabon
5%
Gambia
5%
Georgia
5%
Grenada
5%
Guinea Bissau
5%
Guyana
5%
Iceland
5%
Jamaica
5%
Kosovo
5%
Latvia
5%
Lesotho
5%
Lithuania
5%
Luxembourg
5%
Maldives
5%
Malta
5%
Mauritius
5%
Micronesia
5%
Moldova
5%
Mongolia
5%
Montenegro
5%
Namibia
5%
North Macedonia
5%
Qatar
5%
Seychelles
5%
Slovenia
5%
Solomon Islands
5%
Suriname
5%
Timor Leste
5%
Trinidad And Tobago
5%
Uruguay
5%

Score Distribution

Percentile by Number Answered

Percent of People with Each Score

Your Score History

You have not taken this quiz